| 000 | 01616 a2200265 4500 | ||
|---|---|---|---|
| 003 | Nust | ||
| 005 | 20220801121439.0 | ||
| 010 | _a 2002031548 | ||
| 020 | _a052182379X | ||
| 040 | _cNust | ||
| 082 | 0 | 0 | _a537.6226,SIN |
| 100 | 1 |
_aSingh, Jasprit. _973418 |
|
| 245 | 1 | 0 |
_aElectronic and optoelectronic properties of semiconductor structures / _cJasprit Singh. |
| 260 |
_aCambridge ; _aNew York : _bCambridge University Press, _c2003. |
||
| 300 |
_axxi, 532 p. : _bill. ; _c26 cm. |
||
| 505 | _aIntroduction (Page-Xvi), Structure Properties of Semiconductors (Page-1), Semiconductor Band structure (Page-46), Band structure Modifications (Page-109), Transport: General Formalism (Page -152), Defect and Carrier-Carrier Scattering (Page-179), Lattice Vibrations: Phonon Scattering (Page-217), Velocity-Field Relations in Semiconductors (Page-260), Coherence, Disorder, and Microscopic Systems (Page-312), Optical Properties of Semiconductors (Page-345), Excitonic Effects and Modulation of Optical Properties (Page-402), Semiconductors in Magnetic fields (Page-441). | ||
| 511 | _a | ||
| 650 | 0 |
_aSemiconductors _xElectric properties. _996022 |
|
| 650 | 0 |
_aSemiconductors _xOptical properties. _996023 |
|
| 856 | 4 | 1 |
_3Contributor biographical information _uhttp://www.loc.gov/catdir/enhancements/fy0731/2002031548-b.html |
| 856 | 4 | 1 |
_3Publisher description _uhttp://www.loc.gov/catdir/description/cam031/2002031548.html |
| 856 | 4 | 1 |
_3Sample text _uhttp://www.loc.gov/catdir/samples/cam033/2002031548.html |
| 856 | 4 | 1 |
_3Table of contents _uhttp://www.loc.gov/catdir/toc/cam031/2002031548.html |
| 942 |
_cREF _2ddc |
||
| 999 |
_c175519 _d175519 |
||